Country Flags of the World - Statistics

General Stats
  • This quiz has been taken 47 times
    40 since last reset
  • The average score is 143 of 204
Answer Stats
Picture Answer % Correct
Nepal
100%
Brazil
93%
Iceland
93%
Iran
93%
Finland
89%
Qatar
89%
Russia
89%
Argentina
86%
Cambodia
86%
India
86%
Italy
86%
Kenya
86%
North Korea
86%
North Macedonia
86%
Norway
86%
Singapore
86%
Turkey
86%
Albania
82%
Austria
82%
Belarus
82%
Colombia
82%
Cuba
82%
Denmark
82%
Egypt
82%
Georgia
82%
Greece
82%
Honduras
82%
Ireland
82%
Israel
82%
Ivory Coast
82%
Japan
82%
Kuwait
82%
Laos
82%
Mexico
82%
Netherlands
82%
Nigeria
82%
Pakistan
82%
Paraguay
82%
Uganda
82%
United Kingdom
82%
Bangladesh
79%
Barbados
79%
Brunei
79%
Chile
79%
China
79%
Croatia
79%
Luxembourg
79%
Morocco
79%
New Zealand
79%
Philippines
79%
Poland
79%
Serbia
79%
South Africa
79%
Spain
79%
Sweden
79%
Turkmenistan
79%
Uruguay
79%
Vanuatu
79%
Venezuela
79%
Vietnam
79%
Bahamas
75%
Bulgaria
75%
Dominican Republic
75%
Estonia
75%
France
75%
Guyana
75%
Haiti
75%
Indonesia
75%
Iraq
75%
Kazakhstan
75%
Kosovo
75%
Kyrgyzstan
75%
Lebanon
75%
Liberia
75%
Libya
75%
Madagascar
75%
Mongolia
75%
Mozambique
75%
Oman
75%
Peru
75%
Portugal
75%
Romania
75%
Seychelles
75%
Somalia
75%
Sri Lanka
75%
Suriname
75%
Taiwan
75%
Vatican City
75%
Zimbabwe
75%
Afghanistan
71%
Algeria
71%
Antigua and Barbuda
71%
Armenia
71%
Bahrain
71%
Belgium
71%
Bolivia
71%
Bosnia and Herzegovina
71%
Chad
71%
Dominica
71%
Eswatini
71%
Ethiopia
71%
Federated States of Micronesia
71%
Fiji
71%
Gabon
71%
Gambia
71%
Ghana
71%
Guatemala
71%
Guinea
71%
Hungary
71%
Lesotho
71%
Liechtenstein
71%
Maldives
71%
Malta
71%
Palau
71%
San Marino
71%
Slovakia
71%
Slovenia
71%
South Sudan
71%
Tanzania
71%
Zambia
71%
Andorra
68%
Angola
68%
Benin
68%
Burkina Faso
68%
Cameroon
68%
Cape Verde
68%
Comoros
68%
Czech Republic
68%
Democratic Republic of the Congo
68%
Djibouti
68%
Equatorial Guinea
68%
Eritrea
68%
Grenada
68%
Marshall Islands
68%
Mauritania
68%
Moldova
68%
Montenegro
68%
Myanmar
68%
Nauru
68%
Nicaragua
68%
Palestine
68%
Rwanda
68%
Saint Kitts and Nevis
68%
Saint Vincent and the Grenadines
68%
Sudan
68%
Togo
68%
Central African Republic
64%
El Salvador
64%
Guinea-Bissau
64%
Namibia
64%
Republic of the Congo
64%
São Tomé and Príncipe
64%
Sierra Leone
64%
Solomon Islands
64%
Trinidad and Tobago
64%
East Timor
61%
Ecuador
61%
Germany
61%
Jamaica
61%
Jordan
61%
Panama
61%
Samoa
61%
Saudi Arabia
61%
Tunisia
61%
United States
61%
Yemen
61%
Australia
57%
Kiribati
57%
Malawi
57%
Mali
57%
Syria
57%
Tajikistan
57%
Thailand
57%
United Arab Emirates
57%
Uzbekistan
57%
Azerbaijan
54%
Belize
54%
Burundi
54%
Malaysia
54%
Papua New Guinea
54%
Senegal
54%
South Korea
54%
Tuvalu
54%
Ukraine
54%
Bhutan
50%
Canada
50%
Costa Rica
50%
Cyprus
50%
Niger
50%
Switzerland
50%
Lithuania
46%
Mauritius
46%
Monaco
46%
Sahrawi Arab Democratic Republic
46%
Tonga
46%
Abkhazia
43%
Botswana
43%
Latvia
43%
Saint Lucia
43%
Somaliland
43%
Transnistria
43%
Artsakh
39%
Northern Cyprus
39%
South Ossetia
36%
No matching quizzes found
Score Distribution
Percent of People with Each Score
Percentile by Number Answered
Your Score History
You have not taken this quiz since the last reset